<?xml version="1.0" encoding="UTF-8"?>
<record
    xmlns:xsi="http://www.w3.org/2001/XMLSchema-instance"
    xsi:schemaLocation="http://www.loc.gov/MARC21/slim http://www.loc.gov/standards/marcxml/schema/MARC21slim.xsd"
    xmlns="http://www.loc.gov/MARC21/slim">

  <leader>01187nam a2200205 a 4500</leader>
  <controlfield tag="001">81068</controlfield>
  <controlfield tag="003">BD-RjUL</controlfield>
  <controlfield tag="005">20230114170715.0</controlfield>
  <controlfield tag="008">110626s1985    ua            000 0 ara d</controlfield>
  <datafield tag="035" ind1=" " ind2=" ">
    <subfield code="a">(BD-RjUL)81068</subfield>
  </datafield>
  <datafield tag="040" ind1=" " ind2=" ">
    <subfield code="a">NNL</subfield>
    <subfield code="b">ara</subfield>
    <subfield code="c">BD-RjUL</subfield>
  </datafield>
  <datafield tag="041" ind1="0" ind2=" ">
    <subfield code="a">ara</subfield>
  </datafield>
  <datafield tag="082" ind1=" " ind2=" ">
    <subfield code="2">23</subfield>
    <subfield code="a">297</subfield>
    <subfield code="b">NAA 1985</subfield>
  </datafield>
  <datafield tag="100" ind1="1" ind2=" ">
    <subfield code="a">&#x627;&#x644;&#x646;&#x62F;&#x648;&#x64A;&#x60C; &#x627;&#x628;&#x648; &#x627;&#x644;&#x62D;&#x633;&#x646; &#x639;&#x644;&#x64A;&#x60C;      Al-Nadawi, Abu Al-Hassan Ali.</subfield>
    <subfield code="d">1913-1999</subfield>
    <subfield code="9">6389</subfield>
  </datafield>
  <datafield tag="245" ind1="1" ind2="0">
    <subfield code="a">&#x623;&#x62D;&#x627;&#x62F;&#x64A;&#x62B; &#x635;&#x631;&#x64A;&#x62D;&#x629; &#x645;&#x639; &#x627;&#x62E;&#x648;&#x627;&#x646;&#x646;&#x627; &#x627;&#x644;&#x639;&#x631;&#x628; &#x648;&#x627;&#x644;&#x645;&#x633;&#x644;&#x645;&#x64A;&#x646; :'ahadith sarihat mae akhwanina alearab walmuslimin :</subfield>
    <subfield code="b">&#x623;&#x62D;&#x627;&#x62F;&#x64A;&#x62B; &#x623;&#x62E;&#x648;&#x64A;&#x629; &#x635;&#x631;&#x64A;&#x62D;&#x629;&#x60C; &#x648;&#x646;&#x642;&#x62F; &#x645;&#x62E;&#x644;&#x635; &#x647;&#x627;&#x62F;&#x641; &#x644;&#x648;&#x627;&#x642;&#x639; &#x627;&#x644;&#x639;&#x631;&#x628; &#x648;&#x627;&#x644;&#x645;&#x633;&#x644;&#x645;&#x64A;&#x646; &#x648;&#x62A;&#x630;&#x643;&#x64A;&#x631; &#x644;&#x647;&#x645; &#x628;&#x645;&#x631;&#x643;&#x632;&#x647;&#x645; &#x627;&#x644;&#x62F;&#x639;&#x648;&#x649; &#x627;&#x644;&#x642;&#x64A;&#x627;&#x62F;&#x649;&#x60C; &#x648;&#x648;&#x627;&#x62C;&#x628;&#x647;&#x645; &#x646;&#x62D;&#x648; &#x623;&#x646;&#x641;&#x633;&#x647;&#x645; &#x648;&#x627;&#x644;&#x639;&#x627;&#x644;&#x645; &#x627;&#x644;&#x645;&#x639;&#x627;&#x635;&#x631; /'ahadith 'akhawiat sarihatun, wanaqd mukhlis hadif liwaqie alearab walmuslimin watadhkir lahum bimarkazihim aldaewaa alqiadaa, wawajibuhum nahw 'anfusihim walealam almueasir /</subfield>
    <subfield code="c">&#x623;&#x628;&#x648; &#x627;&#x644;&#x62D;&#x633;&#x646; &#x627;&#x644;&#x646;&#x62F;&#x648;&#x649;.Abu Al-Hassan Al-Nadwa.</subfield>
  </datafield>
  <datafield tag="260" ind1=" " ind2=" ">
    <subfield code="a">[Hind] :</subfield>
    <subfield code="b">&#x62F;&#x627;&#x631; &#x639;&#x631;&#x627;&#x641;&#x627;&#x62A;&#x60C;</subfield>
    <subfield code="c">&#x661;&#x669;&#x668;&#x665;&#x645; &#x661;&#x664;&#x660;&#x665;&#x647;&#x62C;.</subfield>
  </datafield>
  <datafield tag="300" ind1=" " ind2=" ">
    <subfield code="a">110 &#x635;.</subfield>
    <subfield code="c">22 cm</subfield>
  </datafield>
  <datafield tag="650" ind1=" " ind2="4">
    <subfield code="a">Islam</subfield>
    <subfield code="y">20th century</subfield>
    <subfield code="9">840</subfield>
  </datafield>
  <datafield tag="942" ind1=" " ind2=" ">
    <subfield code="2">ddc</subfield>
    <subfield code="c">BK</subfield>
  </datafield>
  <datafield tag="999" ind1=" " ind2=" ">
    <subfield code="c">81068</subfield>
    <subfield code="d">81068</subfield>
  </datafield>
  <datafield tag="952" ind1=" " ind2=" ">
    <subfield code="0">0</subfield>
    <subfield code="1">0</subfield>
    <subfield code="2">ddc</subfield>
    <subfield code="4">0</subfield>
    <subfield code="7">1</subfield>
    <subfield code="8">NFIC</subfield>
    <subfield code="a">RUCL</subfield>
    <subfield code="b">RUCL</subfield>
    <subfield code="c">Reading</subfield>
    <subfield code="d">1992-04-29</subfield>
    <subfield code="e">Abacas books,  London</subfield>
    <subfield code="g">0.66</subfield>
    <subfield code="l">0</subfield>
    <subfield code="o">A 297 NAA 1985</subfield>
    <subfield code="r">2023-01-14 00:00:00</subfield>
    <subfield code="t">C-1</subfield>
    <subfield code="w">2023-01-14</subfield>
    <subfield code="y">BK</subfield>
  </datafield>
</record>
